00273 a2200133 4500001000700000020002200007040001100029100002400040240002800064245002300092300000700115362000900122440000800131190921 a978-85-7153-333-2 cMagnum aLibânio, Márcia10aLá vai o balãolpor10aLá vai o balão a400 a2013 1aRHJ